Dos contra uno (Registro nro. 7037)

Detalles MARC
000 -LEADER
fixed length control field 00975 a2200229 4500
001 - CONTROL NUMBER
control field 60572
005 - DATE AND TIME OF LATEST TRANSACTION
control field 20260407155856.0
008 - FIXED-LENGTH DATA ELEMENTS--GENERAL INFORMATION
fixed length control field 260407a1974 arg spa d
003 - CONTROL NUMBER IDENTIFIER
control field AR-UNSa-BCEJYS
040 ## - CATALOGING SOURCE
Original cataloging agency AR-UNSa-BCEJYS
Language of cataloging spa
Transcribing agency AR-UNSa-BCEJYS
080 ## - UNIVERSAL DECIMAL CLASSIFICATION NUMBER
Universal Decimal Classification number 316.35
Common auxiliary subdivision Grupos sociales. Organizaciones sociales
020 ## - INTERNATIONAL STANDARD BOOK NUMBER
International Standard Book Number 978-84-206-2088-6
041 ## - LANGUAGE CODE
Language code of text/sound track or separate title spa
100 1# - MAIN ENTRY--PERSONAL NAME
Personal name Caplow, Theodore
245 10 - TITLE STATEMENT
Title Dos contra uno
Name of part/section of a work Teoría de coaliciones en las tríadas
264 #1 - PRODUCTION, PUBLICATION, DISTRIBUTION, MANUFACTURE, AND COPYRIGHT NOTICE
Place of production, publication, distribution, manufacture Madrid :
Name of producer, publisher, distributor, manufacturer Alianza Editorial
Date of production, publication, distribution, manufacture, or copyright notice 1974
300 ## - PHYSICAL DESCRIPTION
Extent 213 p.
Dimensions 20 cm.
505 ## - FORMATTED CONTENTS NOTE
Formatted contents note 1. Introducción - 2. En alabanza a Georg Simmel – 3. En torno al tablero de pachisi – 4. Estrategias antropoides – 5. Triadas organizacionales – 6. La triada primaria – 7. Otras triadas familiares – 8. Los motivos de Hamlet – 9. Juegos de gran envergadura – 10. La marcha de la Historia
590 ## - LOCAL NOTE (RLIN)
Local note niveau_biblio:m niveau_hierar:0
700 1# - ADDED ENTRY--PERSONAL NAME
Personal name Sánchez Sáinz-Trápaga, Natividad
942 ## - ADDED ENTRY ELEMENTS (KOHA)
Koha item type
Existencias
Withdrawn status Lost status Damaged status Not for loan Home library Current library Shelving location Date acquired Total checkouts Full call number Barcode Date last seen Price effective from Koha item type
        Biblioteca Prof. Eusebio Cleto del Rey Biblioteca Prof. Eusebio Cleto del Rey   07/04/2026   316.35 C236 L129228 07/04/2026 07/04/2026 Libro